| 000 | 00373nam a22001457a 4500 | ||
|---|---|---|---|
| 003 | NUST - PNEC | ||
| 005 | 20170116181119.0 | ||
| 008 | 151004b xxu||||| |||| 00| 0 eng d | ||
| 040 | _cLIBRARY | ||
| 082 | _a891.4395 BEG | ||
| 100 |
_913404 _aBegum Mehdi |
||
| 245 |
_aMakateeb e Mehdi _cBegum Mehdi |
||
| 650 |
_913400 _aUrdu literature _xGeneral books |
||
| 942 |
_2ddc _cBK |
||
| 999 |
_c69498 _d69498 |
||